Dilema Pemuda UMNO / (Record no. 1623)
[ view plain ]
| 000 -LEADER | |
|---|---|
| fixed length control field | nam a22 a 4500 |
| 003 - CONTROL NUMBER IDENTIFIER | |
| control field | AKMAL |
| 005 - DATE AND TIME OF LATEST TRANSACTION | |
| control field | 20170511103838.0 |
| 008 - FIXED-LENGTH DATA ELEMENTS--GENERAL INFORMATION | |
| fixed length control field | 170511s1985 my a e 000 0 may d |
| 040 ## - CATALOGING SOURCE | |
| Original cataloging agency | AKMAL |
| Transcribing agency | AKMAL |
| 082 04 - DEWEY DECIMAL CLASSIFICATION NUMBER | |
| Classification number | 324.23 SUB |
| Edition number | 21 |
| 090 00 - LOCALLY ASSIGNED LC-TYPE CALL NUMBER (OCLC); LOCAL CALL NUMBER (RLIN) | |
| Classification number (OCLC) (R) ; Classification number, CALL (RLIN) (NR) | 324.23 |
| Local cutter number (OCLC) ; Book number/undivided call number, CALL (RLIN) | SUB |
| 100 0# - MAIN ENTRY--PERSONAL NAME | |
| Personal name | Subky Latif, |
| Dates associated with a name | 1940- |
| 9 (RLIN) | 3300 |
| 245 10 - TITLE STATEMENT | |
| Title | Dilema Pemuda UMNO / |
| Statement of responsibility, etc. | Subky Latif, Chamil Wariya |
| 250 ## - EDITION STATEMENT | |
| Edition statement | Edisi baru |
| 260 ## - PUBLICATION, DISTRIBUTION, ETC. | |
| Place of publication, distribution, etc. | Petaling Jaya : |
| Name of publisher, distributor, etc. | Media Intelek , |
| Date of publication, distribution, etc. | 1985 |
| 300 ## - PHYSICAL DESCRIPTION | |
| Extent | 191ms. : |
| Other physical details | il. ; |
| Dimensions | 18cm. |
| 500 ## - GENERAL NOTE | |
| General note | Mula diterbitkan: 1976 |
| 610 20 - SUBJECT ADDED ENTRY--CORPORATE NAME | |
| Corporate name or jurisdiction name as entry element | Pergerakan Pemuda UMNO |
| 9 (RLIN) | 3301 |
| 650 10 - SUBJECT ADDED ENTRY--TOPICAL TERM | |
| Topical term or geographic name entry element | Political parties |
| Geographic subdivision | Malaysia |
| 9 (RLIN) | 3084 |
| 651 #0 - SUBJECT ADDED ENTRY--GEOGRAPHIC NAME | |
| Geographic name | Malaysia |
| General subdivision | Politics and government |
| 9 (RLIN) | 44 |
| 700 0# - ADDED ENTRY--PERSONAL NAME | |
| Personal name | Chamil Wariya, |
| Titles and other words associated with a name | Dato', |
| Dates associated with a name | 1952- |
| 9 (RLIN) | 536 |
| 942 ## - ADDED ENTRY ELEMENTS (KOHA) | |
| Source of classification or shelving scheme | |
| Koha item type | Book |
| Withdrawn status | Lost status | Source of classification or shelving scheme | Damaged status | Not for loan | Collection code | Home library | Current library | Shelving location | Date acquired | Inventory number | Total Checkouts | Full call number | Barcode | Date last seen | Price effective from | Koha item type |
|---|---|---|---|---|---|---|---|---|---|---|---|---|---|---|---|---|
| FICTION | AKMAL Melaka | AKMAL Melaka | PINJAMAN | 11.05.2017 | 301927 | 324.23 SUB | 201702968 | 11.05.2017 | 11.05.2017 | Book |
